000 00400nam a2200157Ia 4500
008 230917s9999||||xx |||||||||||||| ||und||
040 _e240081
_aMAIN
041 _aEnglish
082 _a155.5 R361A
100 _aRice, Philip F
245 0 _aAdolescent: Development, relationships, and culture
250 _a5th ed.
260 _aAllyn and Bacon
_bBoston
_c1987
300 _a658 p.
942 _cBK
999 _c59366
_d59366